000
00241nam a22001217a 4500
008
170907b xxu||||| |||| 00| 0 eng d
041
_a
ger
080
_a
72
100
_a
41
101
_a
ARK
245
_a
DETAIL
_c
DREY,S
942
_2
udc
_c
BK
999
_c
26481
_d
26481